|
|
|
|
| LEADER |
00000nam0a2200000 4500 |
| 001 |
199390 |
| 005 |
20231101224858.0 |
| 035 |
|
|
|a (RuTPU)RU\TPU\book\217419
|
| 035 |
|
|
|a RU\TPU\book\73010
|
| 090 |
|
|
|a 199390
|
| 100 |
|
|
|a 20110804d1938 e y0rusy50 ca
|
| 101 |
0 |
|
|a rus
|
| 102 |
|
|
|a RU
|
| 105 |
|
|
|a ac z 000ab
|
| 200 |
1 |
|
|a Грезы о земле и небе
|f К. Э. Циолковский
|g под ред. Я. И. Перельмана
|
| 210 |
|
|
|a Москва
|c Главная редакция научно-популярной и юношеской литературы
|d 1938
|a Ленинград
|
| 215 |
|
|
|a 120 с.
|c ил.
|
| 330 |
|
|
|a Замечательный ученый и изобретатель К.Э.Циолковский описывает в этой книге ряд фантастических путешествий в страну, где нет тяжести. Вместе с героями рассказов читатель переживает удивительные приключения в мировом пространстве, на Луне, не мелких планетах-астероидах. Рассказы насыщены научным содержанием, которое усваивается легко, благодаря интересной форме повествования.
|
| 464 |
|
|
|t К. Э. Циолковский, его жизнь и технические идеи
|f Я. И. Перельман
|
| 600 |
|
1 |
|a Циолковский
|g Константин Эдуардович
|b К. Э.
|c русский ученый
|c изобретатель
|c основоположник современной космонавтики
|f 1857-1935
|2 stltpui
|3 (RuTPU)RU\TPU\pers\1304
|
| 610 |
1 |
|
|a художественная литература
|
| 610 |
1 |
|
|a научная фантастика
|
| 610 |
1 |
|
|a межпланетные полеты
|
| 610 |
1 |
|
|a научно-популярная литература
|
| 675 |
|
|
|a Р2
|v 3
|
| 700 |
|
1 |
|a Циолковский
|b К. Э.
|c русский ученый
|c изобретатель
|c основоположник современной космонавтики
|f 1857-1935
|g Константин Эдуардович
|2 stltpush
|3 (RuTPU)RU\TPU\pers\1304
|
| 702 |
|
1 |
|a Перельман
|b Я. И.
|c российский писатель
|c популяризатор физико-математических наук
|c основоположник жанра научно-занимательной литературы
|f 1882-1942
|g Яков Исидорович
|2 stltpush
|3 (RuTPU)RU\TPU\pers\14340
|4 340
|9 4733
|
| 801 |
|
1 |
|a RU
|b 63413507
|c 20041007
|g PSBO
|
| 801 |
|
2 |
|a RU
|b 63413507
|c 20200610
|g PSBO
|
| 942 |
|
|
|c BK
|